Molecular characterization of cysteine synthase in miamosa pudica and leucaena leucocephala / (Record no. 14358)

MARC details
000 -LEADER
fixed length control field 00749nam a22002177a 4500
001 - CONTROL NUMBER
control field BD-DhSAU 14358
003 - CONTROL NUMBER IDENTIFIER
control field BD-DhSAU
005 - DATE AND TIME OF LATEST TRANSACTION
control field 20190226123936.0
008 - FIXED-LENGTH DATA ELEMENTS--GENERAL INFORMATION
fixed length control field 150620b2018 Bg a||||r|||| 000 0 eng d
040 ## - CATALOGING SOURCE
Original cataloging agency BD-DhSAU
082 ## - DEWEY DECIMAL CLASSIFICATION NUMBER
Edition number 22
Classification number 595.7
Item number Al117
100 ## - MAIN ENTRY--PERSONAL NAME
Personal name Rashid, Harun-Ur
245 ## - TITLE STATEMENT
Title Molecular characterization of cysteine synthase in miamosa pudica and leucaena leucocephala /
Remainder of title Ph.D. Thesis
Statement of responsibility, etc. Md. Harun-Ur-Rashid
260 ## - PUBLICATION, DISTRIBUTION, ETC. (IMPRINT)
Place of publication, distribution, etc. Kagoshima University :
Name of publisher, distributor, etc. The United Graduate School of Agricultural Science,
Date of publication, distribution, etc. 2018.
300 ## - PHYSICAL DESCRIPTION
Extent xvii, 186 p. :
Other physical details ill. ;
Dimensions 30 cm.
500 ## - GENERAL NOTE
General note
650 ## - SUBJECT ADDED ENTRY--TOPICAL TERM
Topical term or geographic name as entry element eucaena leucocephala
700 ## - ADDED ENTRY--PERSONAL NAME
Relator term Major Advisor
700 ## - ADDED ENTRY--PERSONAL NAME
Relator term Vice-Advisor
942 ## - ADDED ENTRY ELEMENTS (KOHA)
Source of classification or shelving scheme Dewey Decimal Classification
Koha item type PhD Thesis
Holdings
Withdrawn status Lost status Source of classification or shelving scheme Damaged status Not for loan Collection code Home library Branch Name Shelving location Date acquired Total Checkouts Full call number Barcode Date last seen Price effective from Koha item type
    Dewey Decimal Classification   Not For Loan Reference SAU Library SAU Library Reference 07/10/2018   581.15 R1836 40865 07/10/2018 07/10/2018 MS Level Thesis